| 000 | 00559cam a22002054a 4500 | ||
|---|---|---|---|
| 005 | 20250605164304.0 | ||
| 008 | 250528s ||||||||||||||||||||||||d | ||
| 035 | _a22183 | ||
| 020 | _a9781462526932 | ||
| 040 |
_aGR-AtMCL _bgre _dGR-AtMCL _eAACR2 |
||
| 245 | 1 | _aINTERVIEWING CHILDREN AND ADOLESCENTS / SKILLS AND STRATEGIES FOR EFFECTIVE DSM-5 DIAGNOSIS | |
| 250 | _a2 | ||
| 260 |
_bGuilford Press, _c2016 |
||
| 300 | _a493 | ||
| 700 | 1 |
_aFlegel Kathryn _98046 |
|
| 700 | 1 |
_aMorrison James _98047 |
|
| 942 | _cBK | ||
| 999 |
_c7239 _d7239 |
||